[Event "O pohar mesta Klatov C - Memorial Jarom"]
[Site "Klatovy, Czech Republic"]
[Date "2025.07.03"]
[Round "6.1"]
[White "Kopta, Pavel"]
[Black "Danek, Vaclav"]
[Result "1-0"]
[WhiteElo "2199"]
[BlackElo "1904"]
[PlyCount "65"]
[EventDate "2025.06.28"]

1. d4 {[%emt 0:00:05]} c5 {[%emt 0:00:01]} 2. d5 {[%emt 0:00:12]} e5 3. Nc3 {
[%emt 0:00:34]} d6 {[%emt 0:00:12]} 4. Nf3 {[%emt 0:00:40]} Be7 {[%emt 0:00:12]
} 5. h3 {[%emt 0:00:42]} Nf6 {[%emt 0:00:16]} 6. e4 {[%emt 0:00:41]} O-O {
[%emt 0:00:11]} 7. Be2 {[%emt 0:01:16]} Ne8 {[%emt 0:00:13]} 8. g4 {
[%emt 0:01:40]} g6 {[%emt 0:00:17]} 9. Bh6 {[%emt 0:01:18]} Ng7 {[%emt 0:00:02]
} 10. Qd2 {[%emt 0:00:20]} Nd7 {[%emt 0:00:45]} 11. O-O-O {[%emt 0:04:04]} Nf6
{[%emt 0:00:25]} 12. Rdg1 {[%emt 0:14:58]} Kh8 {[%emt 0:00:14]} 13. Be3 {
[%emt 0:01:02]} a6 {[%emt 0:00:53]} 14. Ng5 {[%emt 0:03:30]} Ng8 {
[%emt 0:01:54]} 15. f4 {[%emt 0:06:23]} f6 {[%emt 0:08:13]} 16. Nf3 {
[%emt 0:01:14]} b5 {[%emt 0:00:29]} 17. f5 {[%emt 0:01:43]} b4 {[%emt 0:00:59]}
18. Nd1 {[%emt 0:00:31]} Qe8 {[%emt 0:01:05]} 19. h4 {[%emt 0:01:21]} Bd8 {
[%emt 0:01:19]} 20. fxg6 {[%emt 0:05:23]} Qxg6 {[%emt 0:01:15]} 21. h5 {
[%emt 0:02:19]} Qf7 {[%emt 0:01:56]} 22. Nh4 {[%emt 0:00:36]} Ne7 {
[%emt 0:01:07]} 23. g5 {[%emt 0:08:54]} f5 {[%emt 0:01:05]} 24. Ng6+ {
[%emt 0:03:23]} Kg8 {[%emt 0:01:04]} 25. Nxf8 {[%emt 0:01:04]} Qxf8 {
[%emt 0:00:56]} 26. g6 {[%emt 0:03:56]} f4 {[%emt 0:00:09]} 27. Bxc5 {
[%emt 0:03:55]} dxc5 {[%emt 0:01:02]} 28. d6 {[%emt 0:01:29]} Be6 {
[%emt 0:01:16]} 29. dxe7 {[%emt 0:01:03]} Bxe7 {[%emt 0:00:40]} 30. h6 {
[%emt 0:00:16]} Ne8 {[%emt 0:00:32]} 31. Bg4 {[%emt 0:03:42]} Qf6 {
[%emt 0:00:48]} 32. Bf5 {[%emt 0:01:05]} Bxf5 {[%emt 0:00:37]} 33. Qd5+ {
[%emt 0:00:15]} 1-0

[Event "O pohar mesta Klatov C - Memorial Jarom"]
[Site "Klatovy, Czech Republic"]
[Date "2025.07.03"]
[Round "6.2"]
[White "Andersen, Jorgen M"]
[Black "Korsa, Jindrich"]
[Result "1-0"]
[WhiteElo "1928"]
[BlackElo "2021"]
[PlyCount "53"]
[EventDate "2025.06.28"]

1. d4 {[%emt 0:00:01]} f5 {[%emt 0:00:12]} 2. Bf4 {[%emt 0:00:41]} Nf6 {
[%emt 0:00:23]} 3. e3 {[%emt 0:00:10]} g6 {[%emt 0:00:23]} 4. h4 {
[%emt 0:01:12]} h6 {[%emt 0:05:25]} 5. Qf3 {[%emt 0:01:38]} d6 {[%emt 0:01:28]}
6. Nc3 {[%emt 0:01:21]} Bg7 {[%emt 0:05:35]} 7. Qg3 {[%emt 0:12:05]} Kf7 {
[%emt 0:01:04]} 8. Bc4+ {[%emt 0:00:08]} e6 {[%emt 0:00:30]} 9. O-O-O {
[%emt 0:05:52]} Nh5 {[%emt 0:01:11]} 10. Qf3 {[%emt 0:01:03]} Nxf4 {
[%emt 0:00:18]} 11. exf4 {[%emt 0:00:40]} d5 {[%emt 0:01:49]} 12. Nxd5 {
[%emt 0:02:06]} exd5 {[%emt 0:00:15]} 13. Bxd5+ {[%emt 0:00:07]} Kf6 {
[%emt 0:01:25]} 14. Bxb7 {[%emt 0:00:24]} Bxb7 {[%emt 0:00:06]} 15. Qxb7 {
[%emt 0:00:09]} Nd7 {[%emt 0:00:08]} 16. Qc6+ {[%emt 0:00:49]} Kf7 {
[%emt 0:00:09]} 17. Nf3 {[%emt 0:03:39]} Qe7 {[%emt 0:09:24]} 18. h5 {
[%emt 0:06:15]} Qd6 {[%emt 0:05:31]} 19. Qc4+ {[%emt 0:01:59]} Qe6 {
[%emt 0:05:56]} 20. hxg6+ {[%emt 0:02:43]} Kf6 {[%emt 0:00:28]} 21. d5 {
[%emt 0:01:30]} Qb6 {[%emt 0:01:21]} 22. Rhe1 {[%emt 0:03:07]} Rhe8 {
[%emt 0:00:31]} 23. Nh4 {[%emt 0:05:22]} Qc5 {[%emt 0:01:18]} 24. Qd3 {
[%emt 0:00:42]} Re4 {[%emt 0:05:00]} 25. Rxe4 {[%emt 0:06:23]} fxe4 {
[%emt 0:00:09]} 26. Qxe4 {[%emt 0:00:10]} Qd6 {[%emt 0:02:05]} 27. Re1 {
[%emt 0:01:58]} 1-0

[Event "O pohar mesta Klatov C - Memorial Jarom"]
[Site "Klatovy, Czech Republic"]
[Date "2025.07.03"]
[Round "6.3"]
[White "Zidu, Jan"]
[Black "Sabol, Marian"]
[Result "0-1"]
[WhiteElo "1922"]
[BlackElo "2197"]
[PlyCount "57"]
[EventDate "2025.06.28"]

1. e4 {[%emt 0:00:01]} c5 {[%emt 0:00:08]} 2. Nf3 {[%emt 0:00:16]} d6 {
[%emt 0:00:09]} 3. d4 {[%emt 0:00:16]} cxd4 {[%emt 0:00:07]} 4. Nxd4 {
[%emt 0:00:08]} Nf6 {[%emt 0:00:07]} 5. Nc3 {[%emt 0:00:05]} a6 {[%emt 0:00:43]
} 6. Be3 {[%emt 0:00:31]} e6 {[%emt 0:00:48]} 7. g4 {[%emt 0:00:33]} e5 {
[%emt 0:00:34]} 8. Nf5 {[%emt 0:00:16]} h5 {[%emt 0:01:51]} 9. g5 {
[%emt 0:00:10]} Nxe4 {[%emt 0:01:01]} 10. Nxg7+ {[%emt 0:00:06]} Bxg7 {
[%emt 0:00:11]} 11. Nxe4 {[%emt 0:00:19]} d5 {[%emt 0:00:25]} 12. Ng3 {
[%emt 0:00:12]} d4 {[%emt 0:07:29]} 13. Bd2 Qd5 {[%emt 0:06:34]} 14. c4 {
[%emt 0:00:02]} Qc6 {[%emt 0:05:05]} 15. Bd3 {[%emt 0:03:46]} Bg4 {
[%emt 0:04:05]} 16. Qc2 {[%emt 0:01:49]} Bf3 {[%emt 0:03:56]} 17. O-O {
[%emt 0:03:32]} Nd7 {[%emt 0:02:34]} 18. Be4 {[%emt 0:15:11]} Bxe4 {
[%emt 0:00:14]} 19. Qxe4 {[%emt 0:04:21]} Nc5 {[%emt 0:04:28]} 20. Qxc6+ {
[%emt 0:01:36]} bxc6 {[%emt 0:00:10]} 21. Nf5 {[%emt 0:11:12]} Rg8 {
[%emt 0:03:51]} 22. Rfe1 {[%emt 0:11:59]} Nd3 {[%emt 0:08:43]} 23. Re2 {
[%emt 0:06:15]} Kd7 {[%emt 0:05:37]} 24. b3 {[%emt 0:04:38]} f6 {[%emt 0:06:28]
} 25. h4 {[%emt 0:04:12]} fxg5 {[%emt 0:00:38]} 26. Bxg5 {[%emt 0:00:58]} Bf6 {
[%emt 0:01:27]} 27. Rd1 {[%emt 0:03:41]} Nf4 {[%emt 0:01:57]} 28. Re4 {
[%emt 0:00:45]} Bxg5 {[%emt 0:00:48]} 29. Kf1 {[%emt 0:02:27]} 0-1

[Event "O pohar mesta Klatov C - Memorial Jarom"]
[Site "Klatovy, Czech Republic"]
[Date "2025.07.03"]
[Round "6.4"]
[White "Cakl, Zdenek"]
[Black "Hlavac, Rudolf"]
[Result "1/2-1/2"]
[WhiteElo "2155"]
[BlackElo "1923"]
[PlyCount "130"]
[EventDate "2025.06.28"]

1. Nf3 {[%emt 0:00:04]} Nf6 {[%emt 0:00:28]} 2. b3 {[%emt 0:00:05]} d5 {
[%emt 0:00:31]} 3. Bb2 {[%emt 0:00:03]} g6 {[%emt 0:00:15]} 4. g3 {
[%emt 0:00:13]} Bg7 {[%emt 0:00:13]} 5. Bg2 {[%emt 0:00:05]} O-O {
[%emt 0:00:18]} 6. c4 {[%emt 0:00:04]} c6 {[%emt 0:01:46]} 7. O-O {
[%emt 0:01:10]} a5 {[%emt 0:02:03]} 8. a3 {[%emt 0:01:29]} Nbd7 {[%emt 0:01:52]
} 9. Qc2 {[%emt 0:04:10]} e6 {[%emt 0:03:20]} 10. Nc3 {[%emt 0:10:06]} Qe7 {
[%emt 0:13:21]} 11. d4 {[%emt 0:08:44]} dxc4 {[%emt 0:04:09]} 12. bxc4 {
[%emt 0:06:05]} e5 {[%emt 0:00:41]} 13. e3 {[%emt 0:08:59]} exd4 {
[%emt 0:00:45]} 14. exd4 {[%emt 0:01:20]} Nb6 {[%emt 0:00:24]} 15. Ne5 {
[%emt 0:12:22]} Bf5 {[%emt 0:07:12]} 16. Qb3 {[%emt 0:01:44]} Qc7 {
[%emt 0:00:51]} 17. Rac1 {[%emt 0:02:15]} Rad8 {[%emt 0:10:39]} 18. Rfe1 {
[%emt 0:14:31]} Nbd7 {[%emt 0:04:59]} 19. Nf3 {[%emt 0:06:53]} Rfe8 {
[%emt 0:07:04]} 20. Na4 {[%emt 0:20:25]} h5 {[%emt 0:08:00]} 21. Nh4 {
[%emt 0:03:22]} Bh6 {[%emt 0:05:47]} 22. Rcd1 {[%emt 0:02:10]} Bg4 {
[%emt 0:01:55]} 23. Nf3 {[%emt 0:03:08]} Bf5 {[%emt 0:09:17]} 24. Qc3 {
[%emt 0:02:29]} Bg7 {[%emt 0:01:57]} 25. Bc1 {[%emt 0:00:24]} Rxe1+ {
[%emt 0:04:10]} 26. Rxe1 {[%emt 0:01:24]} Re8 {[%emt 0:00:53]} 27. Bf4 {
[%emt 0:02:02]} Rxe1+ {[%emt 0:00:43]} 28. Qxe1 {[%emt 0:00:46]} Qd8 {
[%emt 0:00:19]} 29. Bd2 {[%emt 0:04:13]} Qf8 {[%emt 0:05:39]} 30. Qc1 {
[%emt 0:00:42]} Qd8 {[%emt 0:03:38]} 31. Qb2 {[%emt 0:01:39]} Ne4 {
[%emt 0:05:40]} 32. Be1 {[%emt 0:01:20]} c5 {[%emt 0:03:20]} 33. Qxb7 {
[%emt 0:00:15]} cxd4 {[%emt 0:01:14]} 34. Nh4 {[%emt 0:01:56]} Nd6 {
[%emt 0:01:49]} 35. Qd5 {[%emt 0:01:24]} Qe7 {[%emt 0:00:02]} 36. Bxa5 {
[%emt 0:00:42]} Bc2 {[%emt 0:03:18]} 37. Bb4 {[%emt 0:04:43]} Bxa4 {
[%emt 0:00:46]} 38. Qa8+ {[%emt 0:00:35]} Bf8 {[%emt 0:06:29]} 39. Qxa4 {
[%emt 0:00:38]} d3 {[%emt 0:08:08]} 40. Qd1 {[%emt 0:02:40]} Qe2 {
[%emt 0:00:13]} 41. Bf3 {[%emt 0:02:08]} Qxd1+ {[%emt 0:00:13]} 42. Bxd1 Nxc4 {
[%emt 0:00:03]} 43. Bxf8 {[%emt 0:00:56]} Kxf8 {[%emt 0:00:20]} 44. Kf1 {
[%emt 0:00:53]} Nxa3 {[%emt 0:00:21]} 45. Nf3 {[%emt 0:00:26]} Nc5 {
[%emt 0:00:31]} 46. Nd2 {[%emt 0:00:27]} Nc2 {[%emt 0:00:59]} 47. Nf3 {
[%emt 0:00:53]} Ne4 {[%emt 0:02:04]} 48. Ne5 {[%emt 0:00:46]} Nc5 {
[%emt 0:00:50]} 49. Nxd3 {[%emt 0:00:12]} Nxd3 {[%emt 0:00:18]} 50. Bxc2 {
[%emt 0:00:11]} Ne5 {[%emt 0:00:30]} 51. Ke2 {[%emt 0:00:34]} Kg7 {
[%emt 0:00:10]} 52. h3 {[%emt 0:00:18]} g5 {[%emt 0:00:12]} 53. Ke3 {
[%emt 0:00:45]} f6 {[%emt 0:00:24]} 54. Bd1 {[%emt 0:00:53]} Kg6 {
[%emt 0:00:21]} 55. f4 {[%emt 0:00:26]} gxf4+ {[%emt 0:00:22]} 56. Kxf4 {
[%emt 0:00:12]} Nd3+ {[%emt 0:00:53]} 57. Ke3 {[%emt 0:00:28]} Ne5 {
[%emt 0:00:13]} 58. Ke4 {[%emt 0:00:31]} Kg5 {[%emt 0:01:03]} 59. h4+ {
[%emt 0:00:45]} Kg6 {[%emt 0:00:17]} 60. Bc2 {[%emt 0:00:04]} Kg7 {
[%emt 0:01:17]} 61. Kf5 {[%emt 0:00:45]} Nf3 {[%emt 0:00:35]} 62. Bd1 {
[%emt 0:00:39]} Nxh4+ {[%emt 0:00:14]} 63. gxh4 {[%emt 0:01:03]} Kh7 {
[%emt 0:00:16]} 64. Bxh5 {[%emt 0:00:31]} Kh8 {[%emt 0:00:04]} 65. Bf3 {
[%emt 0:00:28]} Kg7 {[%emt 0:00:09]} 1/2-1/2

[Event "O pohar mesta Klatov C - Memorial Jarom"]
[Site "Klatovy, Czech Republic"]
[Date "2025.07.03"]
[Round "6.5"]
[White "Pavlicek, Petr"]
[Black "Turner, Radek"]
[Result "1/2-1/2"]
[WhiteElo "1879"]
[BlackElo "2031"]
[PlyCount "56"]
[EventDate "2025.06.28"]

1. d4 {[%emt 0:00:01]} Nf6 {[%emt 0:07:01]} 2. c4 {[%emt 0:00:10]} c5 {
[%emt 0:00:08]} 3. Nf3 {[%emt 0:00:16]} g6 {[%emt 0:00:24]} 4. g3 {
[%emt 0:00:20]} Bg7 {[%emt 0:00:16]} 5. Bg2 {[%emt 0:00:07]} O-O {
[%emt 0:00:24]} 6. Nc3 {[%emt 0:00:23]} cxd4 {[%emt 0:00:11]} 7. Nxd4 {
[%emt 0:00:13]} Nc6 {[%emt 0:00:13]} 8. Nc2 {[%emt 0:00:36]} d6 {[%emt 0:05:03]
} 9. O-O {[%emt 0:00:48]} Be6 {[%emt 0:00:41]} 10. b3 {[%emt 0:01:56]} Qd7 {
[%emt 0:01:09]} 11. Bb2 {[%emt 0:02:04]} Bh3 {[%emt 0:00:26]} 12. Rb1 {
[%emt 0:00:43]} Bxg2 {[%emt 0:04:31]} 13. Kxg2 {[%emt 0:00:08]} Rac8 {
[%emt 0:00:38]} 14. e4 {[%emt 0:02:04]} Rfd8 {[%emt 0:05:04]} 15. Qd2 {
[%emt 0:04:55]} h5 {[%emt 0:05:11]} 16. h4 {[%emt 0:04:15]} a6 {[%emt 0:07:06]}
17. f3 {[%emt 0:00:54]} Ne5 {[%emt 0:01:48]} 18. Ne3 {[%emt 0:06:45]} Bh6 {
[%emt 0:02:21]} 19. Qe2 {[%emt 0:00:40]} b5 {[%emt 0:08:51]} 20. Ned5 {
[%emt 0:07:58]} Nxd5 {[%emt 0:02:59]} 21. Nxd5 {[%emt 0:02:59]} Qb7 {
[%emt 0:01:15]} 22. cxb5 {[%emt 0:01:40]} axb5 {[%emt 0:00:10]} 23. f4 {
[%emt 0:01:10]} Ng4 {[%emt 0:00:42]} 24. Rbc1 {[%emt 0:01:07]} Bf8 {
[%emt 0:02:06]} 25. Qd3 {[%emt 0:05:23]} Rxc1 {[%emt 0:00:59]} 26. Rxc1 {
[%emt 0:00:18]} Rc8 {[%emt 0:00:17]} 27. Rxc8 {[%emt 0:00:54]} Qxc8 {
[%emt 0:00:49]} 28. Qc3 {[%emt 0:00:53]} Qxc3 {[%emt 0:01:19]} 1/2-1/2

[Event "O pohar mesta Klatov C - Memorial Jarom"]
[Site "Klatovy, Czech Republic"]
[Date "2025.07.03"]
[Round "6.6"]
[White "Ondrejat, Miroslav"]
[Black "Pribyl, Rene"]
[Result "1/2-1/2"]
[WhiteElo "2012"]
[BlackElo "1905"]
[PlyCount "33"]
[EventDate "2025.06.28"]

1. d4 {[%emt 0:00:03]} d5 {[%emt 0:00:02]} 2. c4 {[%emt 0:00:08]} c6 {
[%emt 0:00:08]} 3. Nc3 {[%emt 0:01:00]} Nf6 {[%emt 0:00:03]} 4. Nf3 {
[%emt 0:00:25]} a6 {[%emt 0:02:13]} 5. cxd5 {[%emt 0:11:27]} cxd5 {
[%emt 0:00:06]} 6. g3 {[%emt 0:00:13]} Nc6 {[%emt 0:00:16]} 7. Bg2 {
[%emt 0:00:05]} h6 {[%emt 0:01:33]} 8. O-O {[%emt 0:00:10]} Bf5 {[%emt 0:00:37]
} 9. Ne5 {[%emt 0:09:34]} e6 {[%emt 0:01:14]} 10. Nxc6 {[%emt 0:04:40]} bxc6 {
[%emt 0:00:02]} 11. Re1 {[%emt 0:11:59]} Be7 {[%emt 0:03:22]} 12. f3 {
[%emt 0:08:46]} O-O {[%emt 0:00:21]} 13. e4 {[%emt 0:00:08]} Bg6 {
[%emt 0:05:45]} 14. Be3 {[%emt 0:07:34]} Bb4 {[%emt 0:05:42]} 15. e5 {
[%emt 0:00:16]} Nd7 {[%emt 0:00:20]} 16. a3 {[%emt 0:00:09]} Be7 {
[%emt 0:00:59]} 17. Na4 {[%emt 0:00:22]} 1/2-1/2

[Event "O pohar mesta Klatov C - Memorial Jarom"]
[Site "Klatovy, Czech Republic"]
[Date "2025.07.03"]
[Round "6.7"]
[White "Burianek, Petr"]
[Black "Kaderabek, Jiri"]
[Result "0-1"]
[WhiteElo "1901"]
[BlackElo "2045"]
[PlyCount "76"]
[EventDate "2025.06.28"]

1. e4 {[%emt 0:00:10]} g6 {[%emt 0:00:04]} 2. d4 {[%emt 0:00:45]} Bg7 {
[%emt 0:00:04]} 3. Nc3 {[%emt 0:00:48]} c5 {[%emt 0:01:15]} 4. Nge2 {
[%emt 0:06:31]} Qa5 {[%emt 0:07:03]} 5. dxc5 {[%emt 0:05:02]} Nf6 {
[%emt 0:04:29]} 6. Bd2 {[%emt 0:02:00]} Qxc5 {[%emt 0:06:53]} 7. Be3 {
[%emt 0:02:20]} Qa5 {[%emt 0:03:16]} 8. Qd2 {[%emt 0:01:55]} Nc6 {
[%emt 0:03:19]} 9. f3 {[%emt 0:07:24]} O-O {[%emt 0:05:50]} 10. Nd4 {
[%emt 0:04:56]} d6 {[%emt 0:13:49]} 11. Nb3 {[%emt 0:06:25]} Qc7 {
[%emt 0:00:45]} 12. Bh6 {[%emt 0:02:46]} Be6 {[%emt 0:06:43]} 13. Bxg7 {
[%emt 0:02:48]} Kxg7 {[%emt 0:00:04]} 14. Nb5 {[%emt 0:03:08]} Qb6 {
[%emt 0:02:30]} 15. N5d4 {[%emt 0:01:58]} Bxb3 {[%emt 0:00:30]} 16. Nxb3 {
[%emt 0:00:15]} Rac8 {[%emt 0:02:20]} 17. c3 {[%emt 0:02:04]} Rfd8 {
[%emt 0:06:26]} 18. Qf2 {[%emt 0:07:05]} d5 {[%emt 0:05:04]} 19. Qxb6 {
[%emt 0:14:28]} axb6 {[%emt 0:00:04]} 20. exd5 {[%emt 0:00:28]} Nxd5 {
[%emt 0:01:59]} 21. Kf2 {[%emt 0:01:19]} Ne5 {[%emt 0:04:27]} 22. g3 {
[%emt 0:01:41]} h5 {[%emt 0:02:38]} 23. Be2 {[%emt 0:03:47]} h4 {[%emt 0:02:05]
} 24. Rad1 {[%emt 0:01:42]} e6 {[%emt 0:02:02]} 25. Rd4 {[%emt 0:06:32]} hxg3+
{[%emt 0:08:46]} 26. hxg3 {[%emt 0:00:57]} g5 {[%emt 0:06:52]} 27. a3 {
[%emt 0:02:11]} Rh8 {[%emt 0:01:35]} 28. Rdd1 {[%emt 0:00:44]} Kf6 {
[%emt 0:07:08]} 29. Nd4 {[%emt 0:02:31]} Ke7 {[%emt 0:02:19]} 30. Nc2 {
[%emt 0:02:48]} f5 {[%emt 0:02:02]} 31. Ne3 {[%emt 0:02:50]} Nf6 {
[%emt 0:00:57]} 32. Ng2 {[%emt 0:05:23]} Rcd8 {[%emt 0:04:26]} 33. Rxd8 {
[%emt 0:09:42]} Rxd8 {[%emt 0:00:23]} 34. Ke3 {[%emt 0:02:10]} Nf7 {
[%emt 0:03:03]} 35. Rd1 {[%emt 0:04:38]} Rh8 {[%emt 0:00:08]} 36. Rd4 {
[%emt 0:00:04]} e5 {[%emt 0:01:28]} 37. Rd1 {[%emt 0:02:13]} Rh3 {
[%emt 0:01:59]} 38. Kf2 {[%emt 0:01:00]} f4 {[%emt 0:01:56]} 0-1

[Event "O pohar mesta Klatov C - Memorial Jarom"]
[Site "Klatovy, Czech Republic"]
[Date "2025.07.03"]
[Round "6.8"]
[White "Vachal, Josef"]
[Black "Navratil, Jiri"]
[Result "1/2-1/2"]
[WhiteElo "1845"]
[BlackElo "1913"]
[PlyCount "56"]
[EventDate "2025.06.28"]

1. e4 {[%emt 0:00:07]} c5 {[%emt 0:07:22]} 2. Nf3 {[%emt 0:00:12]} d6 {
[%emt 0:00:07]} 3. d4 {[%emt 0:00:12]} cxd4 {[%emt 0:00:10]} 4. Nxd4 {
[%emt 0:00:09]} Nf6 {[%emt 0:00:04]} 5. Nc3 {[%emt 0:00:20]} a6 {[%emt 0:00:08]
} 6. Be2 {[%emt 0:02:47]} e6 {[%emt 0:00:12]} 7. Be3 {[%emt 0:00:39]} Qc7 {
[%emt 0:00:34]} 8. a4 {[%emt 0:02:33]} b6 {[%emt 0:00:22]} 9. O-O {
[%emt 0:00:25]} Bb7 {[%emt 0:00:06]} 10. Bf3 {[%emt 0:05:54]} Nbd7 {
[%emt 0:00:53]} 11. Re1 {[%emt 0:04:47]} Ne5 {[%emt 0:01:00]} 12. Kh1 {
[%emt 0:06:19]} Be7 {[%emt 0:08:49]} 13. Bf4 {[%emt 0:07:19]} Nxf3 {
[%emt 0:01:04]} 14. Nxf3 {[%emt 0:00:13]} O-O {[%emt 0:02:17]} 15. Qd3 {
[%emt 0:07:31]} Rfd8 {[%emt 0:05:16]} 16. Nd2 {[%emt 0:01:25]} Rac8 {
[%emt 0:03:25]} 17. Rac1 {[%emt 0:02:59]} Rd7 {[%emt 0:13:10]} 18. Nd1 {
[%emt 0:20:22]} Qc6 {[%emt 0:08:19]} 19. Qb3 {[%emt 0:06:56]} h6 {
[%emt 0:06:58]} 20. f3 {[%emt 0:02:15]} b5 {[%emt 0:12:30]} 21. axb5 {
[%emt 0:02:58]} axb5 22. Nc3 {[%emt 0:09:11]} Ba6 {[%emt 0:08:26]} 23. Nf1 {
[%emt 0:11:18]} b4 {[%emt 0:07:37]} 24. Qxb4 {[%emt 0:07:59]} Rb7 {
[%emt 0:10:44]} 25. Qa3 {[%emt 0:04:10]} d5 {[%emt 0:03:19]} 26. Qa1 {
[%emt 0:01:04]} Bxf1 {[%emt 0:09:14]} 27. Rxf1 {[%emt 0:00:12]} dxe4 {
[%emt 0:00:05]} 28. Nxe4 {[%emt 0:02:38]} Nxe4 {[%emt 0:00:18]} 1/2-1/2

[Event "O pohar mesta Klatov C - Memorial Jarom"]
[Site "Klatovy, Czech Republic"]
[Date "2025.07.03"]
[Round "6.9"]
[White "Zednik, Zdenek"]
[Black "Skopec, Lubos"]
[Result "1/2-1/2"]
[WhiteElo "1877"]
[BlackElo "1905"]
[PlyCount "53"]
[EventDate "2025.06.28"]

1. Nf3 Nf6 2. c4 e6 3. Nc3 d5 4. e3 c5 5. cxd5 Nxd5 6. Be2 Nc6 7. O-O Be7 8. d4
cxd4 9. Nxd5 Qxd5 10. Nxd4 Nxd4 11. exd4 Bf6 12. Be3 O-O 13. Bf3 Qb5 14. Qd2
Rd8 15. a4 Qb6 16. a5 Qb5 17. Rfc1 Bxd4 18. Bxd4 e5 19. Qc3 exd4 20. Qc7 Be6
21. a6 Rac8 22. Qxb7 Qd7 23. Rd1 Rb8 24. Qxd7 Rxd7 25. Rd2 Rb4 26. Rc1 Rc4 27.
Rcd1 1/2-1/2

[Event "O pohar mesta Klatov C - Memorial Jarom"]
[Site "Klatovy, Czech Republic"]
[Date "2025.07.03"]
[Round "6.10"]
[White "Novotny, Jaroslav"]
[Black "Bazantova, Marie"]
[Result "1/2-1/2"]
[WhiteElo "1946"]
[BlackElo "1854"]
[PlyCount "38"]
[EventDate "2025.06.28"]

1. e4 c5 2. Nf3 Nf6 3. Nc3 Nc6 4. d4 d5 5. exd5 Nxd5 6. Nxd5 Qxd5 7. Be3 cxd4
8. Nxd4 a6 9. Be2 e5 10. Nxc6 Qxc6 11. O-O Be7 12. c4 Be6 13. Rc1 O-O 14. Qc2
f5 15. f4 e4 16. c5 Rac8 17. b4 b5 18. Rfd1 Rfd8 19. a3 Rd5 1/2-1/2

[Event "O pohar mesta Klatov C - Memorial Jarom"]
[Site "Klatovy, Czech Republic"]
[Date "2025.07.03"]
[Round "6.11"]
[White "Provaznik, Jan"]
[Black "Sedlak, Ludek"]
[Result "1/2-1/2"]
[WhiteElo "1846"]
[BlackElo "1937"]
[PlyCount "26"]
[EventDate "2025.06.28"]

1. d4 d5 2. Nf3 Nf6 3. e3 c5 4. b3 cxd4 5. exd4 Nc6 6. Bb2 Bf5 7. a3 e6 8. Bd3
Bg6 9. Ne5 Bd6 10. O-O Qc7 11. f4 Bxd3 12. Qxd3 Ne4 13. Qe3 f6 1/2-1/2

[Event "O pohar mesta Klatov C - Memorial Jarom"]
[Site "Klatovy, Czech Republic"]
[Date "2025.07.03"]
[Round "6.12"]
[White "Vavrinek, Tomas"]
[Black "Tvrdy, Jindrich"]
[Result "0-1"]
[WhiteElo "1839"]
[BlackElo "1893"]
[PlyCount "76"]
[EventDate "2025.06.28"]

1. d4 Nf6 2. Nf3 c5 3. d5 d6 4. c4 g6 5. Nc3 Bg7 6. e3 O-O 7. Bd3 e6 8. Qc2 Na6
9. a3 Nc7 10. dxe6 Bxe6 11. Ng5 Bd7 12. Nge4 Bc6 13. O-O Ng4 14. Ng3 f5 15. Bd2
Qh4 16. h3 Nxf2 17. Rxf2 Qxg3 18. Ne2 Qe5 19. Rb1 Rae8 20. b4 b6 21. b5 Be4 22.
Bxe4 Qxe4 23. Qxe4 Rxe4 24. Rf4 Rfe8 25. Rxe4 Rxe4 26. Rc1 d5 27. Nc3 Bxc3 28.
Rxc3 dxc4 29. a4 Nd5 30. Ra3 c3 31. Bc1 Nxe3 32. Rxc3 Nd5 33. Rd3 Rd4 34. Rd2
Nc3 35. Rxd4 cxd4 36. Bb2 Kf7 37. Kf1 Ke6 38. Ke1 Kd5 0-1

[Event "O pohar mesta Klatov C - Memorial Jarom"]
[Site "Klatovy, Czech Republic"]
[Date "2025.07.03"]
[Round "6.13"]
[White "Titera, Libor"]
[Black "Kovar, Petr"]
[Result "1-0"]
[WhiteElo "1844"]
[BlackElo "1887"]
[PlyCount "81"]
[EventDate "2025.06.28"]

1. e4 c5 2. a3 g6 3. Nf3 Bg7 4. c3 d5 5. exd5 Qxd5 6. Be2 Nc6 7. O-O Bf5 8. Re1
Rd8 9. c4 Qd7 10. Nc3 Nf6 11. Qa4 O-O 12. b4 Ne4 13. Qb3 Nd4 14. Nxd4 Qxd4 15.
Nxe4 Qxa1 16. Nxc5 b6 17. Na4 Qb1 18. Qxb1 Bxb1 19. Nc3 Bc2 20. Nb5 a6 21. Nc7
e6 22. Nxa6 Bh6 23. d4 Bxc1 24. Rxc1 Be4 25. c5 Rxd4 26. cxb6 Rd6 27. Nc5 Rc8
28. Ba6 Rcc6 29. Bb7 Rxb6 30. Bxe4 Rb8 31. g3 Rd4 32. Bf3 Rd2 33. Rc3 Ra2 34.
Rb3 Rc2 35. Nd3 Kf8 36. b5 Ke7 37. a4 Ra2 38. Nb4 Ra1+ 39. Kg2 Kd6 40. Nc6 f5
41. Nxb8 1-0

[Event "O pohar mesta Klatov C - Memorial Jarom"]
[Site "Klatovy, Czech Republic"]
[Date "2025.07.03"]
[Round "6.14"]
[White "Pelikan, Jaromir"]
[Black "Novotny, Jaromir"]
[Result "1-0"]
[WhiteElo "1876"]
[BlackElo "1765"]
[PlyCount "45"]
[EventDate "2025.06.28"]

1. d4 Nf6 2. Nf3 d5 3. g3 Bf5 4. Bg2 c6 5. c4 Bxb1 6. Rxb1 Qa5+ 7. Bd2 Qxa2 8.
c5 Qc4 9. O-O Nbd7 10. b3 Qb5 11. Ra1 b6 12. b4 e6 13. Qa4 Qxa4 14. Rxa4 Be7
15. Rfa1 O-O 16. Rxa7 Rxa7 17. Rxa7 Bd8 18. Bg5 bxc5 19. bxc5 Nb8 20. Bf4 Nfd7
21. Bd6 Re8 22. Ne5 Nxe5 23. dxe5 1-0

[Event "O pohar mesta Klatov C - Memorial Jarom"]
[Site "Klatovy, Czech Republic"]
[Date "2025.07.03"]
[Round "6.15"]
[White "Navratilova, Alena"]
[Black "Steiner, Juraj"]
[Result "0-1"]
[WhiteElo "1755"]
[BlackElo "1966"]
[PlyCount "60"]
[EventDate "2025.06.28"]

1. Nf3 c5 2. c4 Nf6 3. g3 b6 4. Bg2 Bb7 5. O-O e6 6. d4 cxd4 7. Nxd4 Bxg2 8.
Kxg2 Qc8 9. b3 d6 10. e3 Nbd7 11. Bb2 Be7 12. Nc3 a6 13. Rc1 O-O 14. Kg1 h5 15.
Nf3 Qb7 16. h4 b5 17. cxb5 axb5 18. Ng5 Ne5 19. Qe2 b4 20. Na4 Rfc8 21. Bd4
Ned7 22. Bxf6 Nxf6 23. Qd2 d5 24. Rxc8+ Rxc8 25. Rc1 Ng4 26. Rc2 Ne5 27. Qd1
Rxc2 28. Qxc2 d4 29. exd4 Nf3+ 30. Kf1 Nxd4 0-1

[Event "O pohar mesta Klatov C - Memorial Jarom"]
[Site "Klatovy, Czech Republic"]
[Date "2025.07.03"]
[Round "6.16"]
[White "Truksa, Vaclav"]
[Black "Halla, Jiri"]
[Result "1-0"]
[WhiteElo "1742"]
[BlackElo "1843"]
[PlyCount "80"]
[EventDate "2025.06.28"]

1. d4 Nf6 2. c4 g6 3. Nc3 Bg7 4. e4 d6 5. Nf3 O-O 6. Be2 e5 7. d5 a5 8. O-O Na6
9. Ne1 Nc5 10. f3 Nh5 11. Be3 f5 12. Nd3 Nxd3 13. Bxd3 f4 14. Bd2 g5 15. Rf2
Nf6 16. Be2 h5 17. g4 hxg4 18. fxg4 Kf7 19. h3 Rh8 20. Rh2 Rh6 21. Qf1 Qh8 22.
Qg2 Qh7 23. Rf1 Bd7 24. Rf2 Rh8 25. Bf1 Rh4 26. Qh1 Qg6 27. Be1 Bxg4 28. hxg4
Nxg4 29. Rxh4 Rxh4 30. Qg2 Nxf2 31. Qxf2 Qh5 32. Bg2 Rh2 33. Qf1 g4 34. Bg3 f3
35. Bxh2 Bh6 36. Nd1 Ke7 37. Bg3 fxg2 38. Qxg2 Qg5 39. Bf2 Qd2 40. Bh4+ Bg5 1-0